|
|
|
|
| LEADER |
01097nam a2200289 u 4500 |
| 001 |
10030846 |
| 003 |
upatras |
| 005 |
20210330115720.0 |
| 008 |
881025s1944 uk eng |
| 040 |
|
|
|a GR-PaULI
|c GR-PaULI
|
| 041 |
0 |
|
|a eng
|
| 082 |
0 |
4 |
|a 515
|
| 100 |
1 |
|
|a Whittaker, Edmund
|c Sir
|9 1023
|
| 245 |
1 |
0 |
|a The calculus of observations
|b a treatise on numerical mathematics
|c by Sir Edmund Whittaker and G. Robinson
|
| 250 |
|
|
|a 4th edition
|
| 260 |
|
|
|a London
|b Blackie & Son
|c 1944
|
| 300 |
|
|
|a xvi, 397 p.
|b fig.
|c 23 cm.
|
| 504 |
|
|
|a Includes indexes
|
| 650 |
|
4 |
|a Λογισμός
|9 3056
|
| 650 |
|
4 |
|a Αριθμητική ανάλυση
|9 388
|
| 650 |
|
4 |
|a Μαθηματική ανάλυση
|9 129
|
| 700 |
1 |
|
|a Robinson, G. M.
|q (Guy M.)
|9 19212
|
| 852 |
|
|
|a GR-PaULI
|b ΠΑΤΡΑ
|b ΒΚΠ
|b ΒΣ1
|k ΑΣΧΞ
|h 515 W
|m 02043
|p 025000069308
|t 1
|
| 942 |
|
|
|2 ddc
|c BK15
|
| 952 |
|
|
|0 0
|1 0
|4 0
|6 515_000000000000000_W
|7 0
|9 200307
|a LISP
|b LISP
|c BSC
|d 2016-04-24
|i 02043
|l 0
|o 515 W
|p 025000069308
|r 2016-04-24 00:00:00
|t 1
|w 2016-04-24
|y BK15
|
| 998 |
|
|
|c ΗΛΙΟΠΟΥΛΟΥ
|d 1999-11
|
| 999 |
|
|
|c 122738
|d 122738
|